000 00813cam a22002531 4500
001 af 49001109
003 DLC
005 20260227110918.0
008 800816s1943 ne a 000 0 dut c
010 _aaf 49001109
035 _a(OCoLC)6628336
040 _aNew York. Public Libr.
_cOAkU
_dOCoLC
_dDLC
042 _apremarc
050 0 0 _aTS1892
_b.A48
082 _a678
100 1 _aAmerongen, Gerrit Jan van.
245 0 3 _aDe permeabiliteit van rubberachtige stoffen voor gassen.
260 _aAmersfoort,
_bDrukkerij v/h G.J. van Amerongen
_c[1943]
300 _a108 p.
_billus.
_c25 cm.
502 _aProefschrift--Technische Hoogeschool, Delft.
500 _a"Zusammenfassung": p. 105-106. "Summary": p. 107-108.
500 _a"Stellingen": [2] p. inserted.
504 _aBibliographical footnotes.
999 _c6846
_d6846